NXT Championships History Quiz Stats

 Plays Quiz not verified by Sporcle

Also try: Disney Threesomes
Challenge
Share
Tweet
Embed
Score 0/31 Timer 08:00
0 Plays Today
Hint Answer % Correct
NXT Women's ChampionBayley
97.2%
NXT ChampionKevin Owens
97.1%
NXT ChampionSamoa Joe
96.7%
NXT Women's ChampionCharlotte
96.5%
NXT ChampionSeth Rollins
95.9%
NXT ChampionAdrian Neville
95.3%
NXT ChampionSami Zayn
95.3%
NXT Women's ChampionSasha Banks
95.3%
NXT ChampionFinn Bálor
94.5%
NXT ChampionShinsuke Nakamura
94.3%
NXT ChampionSamoa Joe
94.3%
NXT ChampionShinsuke Nakamura
93.5%
NXT ChampionBo Dallas
91.9%
NXT Women's ChampionPaige
91.9%
NXT ChampionBig E Langston
90.1%
NXT ChampionBobby Roode
90%
Hint Answer % Correct
NXT Women's ChampionAsuka
88.1%
NXT Tag Team Champions#DIY
82.9%
NXT ChampionDrew McIntyre
82.6%
NXT Tag Team ChampionsThe Ascension
79.1%
NXT Tag Team ChampionsSAni†Y
78.3%
NXT Tag Team ChampionsLucha Dragons
77.9%
NXT Tag Team ChampionsThe Revival
77.1%
NXT Tag Team ChampionsThe Authors of Pain
76.7%
NXT Tag Team ChampionsAmerican Alpha
76.1%
NXT Tag Team ChampionsThe Revival
75.8%
NXT Tag Team ChampionsThe Vaudevillains
71%
NXT Tag Team ChampionsBlake and Murphy
67.4%
NXT Tag Team ChampionsAdrian Neville and Corey Graves
62.2%
NXT Tag Team ChampionsThe Wyatt Family
61%
NXT Tag Team ChampionsBritish Ambition
50%

You're not logged in!

Compare scores with friends on all Sporcle quizzes.
Join for Free
OR
Log In

You Might Also Like...

Show Comments

Extras

Top Quizzes Today


Score Distribution

Your Account Isn't Verified!

In order to create a playlist on Sporcle, you need to verify the email address you used during registration. Go to your Sporcle Settings to finish the process.

Report this User

Report this user for behavior that violates our Community Guidelines.

Details: